Paroles Comment on fait ? Zazie & Vianney - Statistiques

Statistiques générales
  • Ce quiz a été pris 56 fois
  • Le résultat moyen est 182 sur 254
Statistiques - réponses
Réponse % Correct
Comment
98%
fait
98%
on
98%
On
98%
De
96%
de
96%
Quand
96%
coups
94%
prend
94%
des
91%
à
89%
A
89%
tu
89%
je
87%
Je
87%
Rien
87%
rien
87%
tout
87%
Tout
87%
ce
85%
du
85%
fais
85%
la
85%
s'en
85%
fout
83%
Le
83%
va
83%
En
81%
sais
79%
toi
79%
dans
77%
vague
74%
ces
72%
J'en
72%
l'âme
70%
me
70%
ma
68%
j'ai
66%
C'est
62%
c'est
62%
ça
60%
et
60%
Et
60%
pas
60%
Danser
57%
qu'une
57%
si
57%
crois
55%
drame
55%
légère
55%
prendre
55%
habitude
53%
attitude
51%
défaire
51%
51%
J'aimerais
49%
foi
47%
donner
45%
les
45%
Plus
45%
plus
45%
Après
43%
Crois-moi
43%
encore
43%
mot
43%
pis
43%
tant
43%
au
40%
dernier
40%
l'ai
40%
l'envers
40%
vie
40%
J'improvise
38%
chaos
36%
elle
36%
nos
36%
qu'est-ce-que
36%
tomber
36%
tort
36%
dur
34%
j'y
34%
Quitte
34%
coeurs
32%
simule
32%
sort
32%
nous
30%
Sur
30%
bas
28%
denouement
28%
hauts
28%
train
28%
grandes
23%
marées
23%
forts
19%
vents
19%
Aucun quiz correspondant
Distribution des résultats
% des personnes avec chaque résultat
Percentile par nombre de réponses
Votre historique - résultats
Vous n’avez pas pris ce quiz